Wiiパーティーのミニゲーム - Statistics

General Stats
  • This quiz has been taken 31 times
  • The average score is 22 of 79
Answer Stats
Hint Answer % Correct
ぐらぐらプレゼント
74%
運まかせトロッコ
65%
4人バトル ギャロップダービー
52%
早切りベジタブル
43%
ぎりぎりスキージャンプ
43%
ゾンビごっこ
43%
ふらふら迷路
43%
スペースレース
43%
うしろからバトル
43%
笑って赤ちゃん
39%
ビーチフラッグバトル
35%
乗ってけ!ヘリコプター
35%
スペースファイト
35%
パンチングファイト
35%
ドッグカメラマン
35%
けんすいチャンピオン
35%
みんなでかくれんぼ
35%
ピザ宅配レース
35%
ビーチフラッグバトル
35%
バルーンコースター
35%
2分の1サバイバル
35%
ふんばり!たるハードル
30%
月面着陸レース
30%
にっこりカメラマン
30%
ねらってチップイン
30%
ぴったりストップウォッチ
30%
ぎりぎりで止めて!
30%
ゴロゴロコロシアム
30%
そろえてスリーカード
30%
ぴったりウォーキング
30%
カウントフルーツ
30%
チャンネル合わせ
30%
コロコロラビリンス
30%
ねらいうちガンマン
26%
おじゃまヒツジレース
26%
ふわふわキャッチ
26%
ボレーシュートマッチ
26%
ステップアップレース
26%
マーメイドダイブ
26%
ジャングルジャンプ
26%
君こそスーパースター
26%
ラッキー花火
26%
バギーボンバー
26%
カラテマスター
26%
切りたおし名人
26%
ロボットファクトリー
26%
バランスブリッジ
26%
デンジャラストロッコ
26%
追いつめマウス
26%
ねらいうちガンマン
26%
クローバーさがし
26%
UFOカメラマン
26%
1VS3 振り子アタック
22%
レッツ!ポージング
22%
フルーツきおくバトル
22%
2人ペア フルーツバスケット
22%
ゴーストハウス
22%
めぐりあいドア
22%
地球への道のり
22%
わなげガーデン
22%
トラップアドベンチャー
22%
スイッチアスレチック
22%
バナナ運びパズル
22%
シャッフルMii
22%
1VS1 カウントMii
22%
はめこみパズル
17%
ピコピコ!モグラたたき
17%
ヒツジ集め競争
17%
ピョンピョンレース
17%
スピードガンマン
17%
ふうせんエアレース
17%
スプラッシュボート
17%
ねらえ!ビッグフィッシュ
17%
ぐるぐるヒツジ運び
17%
ハイスピードボブスレー
17%
みんなでなわとび
17%
さがしてパズルピース
13%
シュート&シュート
13%
スカイサイクリング
13%
No matching quizzes found
Score Distribution
Percent of People with Each Score
Percentile by Number Answered
Your Score History
You have not taken this quiz